000
00486nam a2200181Ia 4500
008
090124s9999 xx 000 0 und d
082
_b
18534
100
_a
भेंडे सुभाष
245
_a
अदेशी
250
_a
1
260
_b
हंस प्रकाशन
_c
1971
300
_a
134
600
_a
भेंडे सुभाष
630
_a
अदेशी
700
_a
भेंडे सुभाष
730
_a
अदेशी
942
_c
BOOK
999
_c
89573
_d
89573